LEADER 00858nam0 2200253 450 001 000003745 005 20090416102839.0 010 $a0-19-924101-5 100 $a20020326d2001----km-y0itay50------ba 101 0 $aeng 102 $aGB 200 1 $aCommunities and markets in economic development$fedited by Masahiko Aoki, Yujiro Hayami 210 $aOxford$cOxford univ. press$dc2001 215 $aXXIV, 419 p.$cill.$d25 cm 500 10$aCommunities and markets in economic development$956297 610 1 $aTeoria dello sviluppo economico 676 $a330.01$v20$9Economia. Filosofia e teoria 702 1$aAoki,$bMasahiko 702 1$aHayami,$bYujiro 801 0$aIT$bUNIPARTHENOPE$gRICA$2UNIMARC 912 $a000003745 951 $cNAVA2$a112/106$b9692$d20020327 996 $aCommunities and markets in economic development$956297 997 $aUNIPARTHENOPE LEADER 01878nam0 22003491i 450 001 UON00009871 005 20231205101928.669 100 $a20020107d1979 |0itac50 ba 101 $aspa 102 $aES 105 $a|||| 1|||| 200 1 $aKitab al-madhal ila sina'at al-tibb wa huwa Isagugi. Edicion del texto arabe con glosario de los terminos medico-tecnicos, estudio y traducion al castellano por Maria de la Conception Vasquez De Benito$fAbu Bakr Muhammad ibn Zakariya al-Razi 205 $aSalamanca : Universidad de Salamanca$bInstituto Hispano-Arabe de Cultura 210 $a44$d48$d153 p. ; 24 cm 215 $aAltro front.$cLibro de la introduccion al arte de la medicina o Isagoge de Abu Bakr Muhammad b. Zakariya al-Razi 410 1$1001UON00010614$12001 $aActa Salmanticensia. Filosofia y letras$v110 500 1$3UON00352734$aIsagoge$924443 510 1$3UON00352733$aLibro de la introduccion al arte de la medicina o "Isagoge" 606 $aMEDICINA ISLAMICA$3UONC003681$2FI 620 $aES$dSalamanca$3UONL000435 686 $aARA XVIII A$cPAESI ARABI - SCIENZE PURE E APPLICATE - MEDICINA$2A 700 1$aˆal-‰RAZI$bAbu Bakr Muhammad ibn Zakariya$3UONV008262$0330614 702 1$aVAZQUEZ DE BENITO$bMaria de la Concepcion$3UONV008263 712 $aUniversidad de Salamanca$3UONV246893$4650 790 0$aABU BAKR Muhammad b. Zakariya al-Razi$zal-RAZI, Abu Bakr Muhammad ibn Zakariya$3UONV047150 790 1$aRHAZES, Abu Bakr Ibn Zakariya$zal-RAZI, Abu Bakr Muhammad ibn Zakariya$3UONV047149 801 $aIT$bSOL$c20240220$gRICA 899 $aSIBA - SISTEMA BIBLIOTECARIO DI ATENEO$2UONSI 912 $aUON00009871 950 $aSIBA - SISTEMA BIBLIOTECARIO DI ATENEO$dSI ARA XVIII A 024 $eSI SA 34279 5 024 996 $aIsagoge$924443 997 $aUNIOR